header

Badiou and Deleuze read literature (Record no. 81699)

MARC details
000 -LEADER
fixed length control field 01291nam a2200337Ia 4500
100 1# - MAIN ENTRY--AUTHOR NAME
Personal name Lecercle, Jean-Jacques.
245 10 - TITLE STATEMENT
Title Badiou and Deleuze read literature
260 ## - PUBLICATION, DISTRIBUTION, ETC. (IMPRINT)
Place of publication Edinburgh :
Name of publisher Edinburgh University Press,
Year of publication c2010.
300 ## - PHYSICAL DESCRIPTION
Number of Pages v, 213 p.
490 1# - SERIES STATEMENT
Series statement Plateaus: new directions in Deleuze studies
650 #0 - SUBJECT ADDED ENTRY--TOPICAL TERM
Topical Term Literature
Topical Term Philosophy, French
856 40 - ELECTRONIC LOCATION AND ACCESS
Uniform Resource Identifier http://site.ebrary.com/lib/rucke/Doc?id=10404208

No items available.

© 2026 Rongo University
Contact us: librarian | system librarian | Rongo university